Subdivision capitals closest to Toruń (PL) - Statistics

General Stats
  • This quiz has been taken 27 times
  • The average score is 15 of 20
Answer Stats
Distance (km) Answer % Correct
3 149 Gdańsk
95%
4 149 Łódź
95%
6 184 Warszawa
95%
2 131 Poznań
90%
9 237 Wrocław
90%
1 42 Bydgoszcz
85%
8 228 Gorzów Wielkopolski
85%
15 307 Katowice
85%
17 341 Kraków
85%
16 334 Lublin
85%
14 305 Białystok
80%
13 275 Kielce
80%
5 151 Olsztyn
80%
12 274 Szczecin
80%
10 241 Zielona Góra
80%
11 265 Opole
60%
7 227 Kalinjingrad
35%
18 342 Klaipėda
30%
20 348 Liberec
30%
19 346 Tauragė
5%
No matching quizzes found
Score Distribution
Percent of People with Each Score
Percentile by Number Answered
Your Score History
You have not taken this quiz